Jagalah Allah Allah Menjagamu

Bibliographic Details
Main Author: Al-Qarni, Aidh Abdullah, Dr
Other Authors: Arifin
Format: Book
Published: Kuala Lumpur : Jasmin , 2006
Subjects:

MARC

LEADER 00000cam a2200000 7i4500
001 0000013448
005 20080319.0
008 080114
020 |a 9833423574 
090 0 0 |a 297.211   |b QAR 
100 0 |a Al-Qarni, Aidh Abdullah, Dr. 
245 1 0 |a Jagalah Allah Allah Menjagamu   |c Dr.'Aidh Abdullah Al-Qarni; penterjemah Arifin 
260 |a Kuala Lumpur :   |b Jasmin ,   |c 2006 
650 0 |a God (Islam)   |x Workship and love 
650 0 |a Islam   |x Doctrines 
700 0 |a Arifin 
999 |a 0001006778   |b Book   |c Adult Collection   |e Perbadanan Perpustakaan Awam Johor 
999 |a 0001006779   |b Book   |c Adult Collection   |e Perbadanan Perpustakaan Awam Johor 
999 |a 0001006780   |b Book   |c Adult Collection   |e Perbadanan Perpustakaan Awam Johor 
999 |a 1006365   |b Book   |c Adult Collection   |e Cawangan Pontian 
999 |a 1006738   |b Book   |c Adult Collection   |e Cawangan Pontian